| 000 -CABECERA |
| fixed length control field |
00774nam a22002057a 4500 |
| 003 - IDENTIFICADOR DEL NÚMERO DE CONTROL |
| control field |
AR-CdUCM |
| 008 - DATOS DE LONGITUD FIJA--INFORMACIÓN GENERAL |
| fixed length control field |
190328b ||||| |||| 00| 0 spa d |
| 040 ## - FUENTE DE LA CATALOGACIÓN |
| Agencia/entidad que catalogó originalmente la obra |
MUNICIPALIDAD PROVINCIAL DEL CUSCO |
| Entidad que transcribió la catalogación |
BIBLIOTECA MUNICIPAL DEL CUSCO |
| 082 ## - NÚMERO DE LA CLASIFICACIÓN DECIMAL DEWEY |
| No. de Clasificación |
891 / |
| Notacion interna |
IL38 L / 1944 |
| 100 ## - ENTRADA PRINCIPAL--NOMBRE DE PERSONA |
| Nombre Personal |
Ilin, M |
| 245 ## - MENCIÓN DE TÍTULO |
| Título |
Las montañas y los hombres : |
| Resto del título |
ocho relatos sobre la transformación de la naturaleza / |
| 260 ## - PUBLICACIÓN, DISTRIBUCIÓN, ETC. |
| Lugar de publicación, distribución, etc. |
La Plata : |
| Nombre de la editorial, distribuidor, etc. |
Calomino, |
| Fecha de publicación, distribución, etc. |
1944. |
| 300 ## - DESCRIPCIÓN FÍSICA |
| Nº de Páginas Extensión |
221 paginas ; |
| Dimensiones |
18 cm. |
| 505 ## - NOTA DE CONTENIDO CON FORMATO |
| Nota de contenido formateada |
Contenido : Transformación del desierto -- La llegada del amo -- La patria del trigo -- La creación de las plantas -- El mapa vivo... |
| 650 ## - PUNTO DE ACCESO ADICIONAL DE MATERIA--TÉRMINO DE MATERIA |
| Descriptor |
Montanas |
| 9 (RLIN) |
629 |
| 650 ## - PUNTO DE ACCESO ADICIONAL DE MATERIA--TÉRMINO DE MATERIA |
| Descriptor |
Geografía |
| 9 (RLIN) |
318 |
| 650 ## - PUNTO DE ACCESO ADICIONAL DE MATERIA--TÉRMINO DE MATERIA |
| Descriptor |
Naturaleza del hombre |
| 9 (RLIN) |
11924 |
| 942 ## - ELEMENTOS DE PUNTO DE ACCESO ADICIONAL (KOHA) |
| Fuente de clasificación |
|
| Tipo de item |
Libros-BMC |
| 945 ## - PROCESAMIENTO DE INFORMACIÓN LOCAL (OCLC) |
| Catalogador |
wnts |